Best Movie Based On IMDB Rating Quiz Stats

 Plays Quiz not verified by Sporcle

Score 0/25 Timer 10:00
0 Plays Today
Series Title Best movie % Correct
BatmanThe Dark Knight
97.2%
Star WarsThe Empire Strikes Back
84.5%
Indiana JonesRaiders of the Lost Ark
83.1%
Lord of the RingsThe Return of the King
81.7%
Toy StoryToy Story 3
80.3%
Hannibal Lector SeriesThe Silence of the Lambs
77.5%
The GodfatherThe Godfather
77.5%
The MatrixThe Matrix
76.1%
Pirates of The CaribbeanThe Curse of the Black Pearl
71.8%
Spider-ManSpider-Man 2
70.4%
James BondCasino Royale
64.8%
The Bourne SeriesThe Bourne Ultimatum
63.4%
TwilightTwilight
59.2%
Series Title Best movie % Correct
Harry PotterThe Deathly Hallows Part 2
57.7%
Star TrekStar Trek
57.7%
The Chronicles of NarniaThe Lion The Witch and The Wardrobe
54.9%
X-MenX-Men: First Class
50.7%
Mission ImpossibleGhost Protocol
50.7%
Alvin and the ChipmunksAlvin and the Chipmunks
50.7%
Austin PowersInternational Man of Mystery
47.9%
A Nightmare on Elm StreetA Nightmare on Elm Street
45.1%
Three ColorsRed
42.3%
VacationChristmas Vacation
39.4%
The Fast and the FuriousFast Five
39.4%
TerminatorJudgment Day
38%

You're not logged in!

Compare scores with friends on all Sporcle quizzes.
OR
Log In

Show Comments

Extras

Created Feb 18, 2012ReportNominate
Tags:Movie Titles Quiz, imdb

Top Quizzes Today


Score Distribution

Your Account Isn't Verified!

In order to create a playlist on Sporcle, you need to verify the email address you used during registration. Go to your Sporcle Settings to finish the process.

Report this User

Report this user for behavior that violates our Community Guidelines.

Details: